000 00680nam a2200205Ia 4500
008 131103s9999 xx 000 0 und d
020 _a8170993830
_cRs. 170
040 _aLoreto College
041 _aEnglish
082 _a915.4163/SHA
_bLCLIB/42952
100 _aSharma, N.
245 _aGeography and development of Hill Areas
_b a case study of Arunachal Pradesh
_cN.Sharma and S.P. Shukla
260 _aNew Delhi
_bMittal Publications
_c1992
300 _ax,154p, tables 23 cm.
504 _aIncludes bibliographical references and index
650 _aGeography - India, Arunachal Pradesh,
651 _aArunachal Pradesh
700 _aShukla, S.P.
942 _cBK
999 _c2434
_d52913